000 00322nam a22001337a 4500
008 180110b xxu||||| |||| 00| 0 eng d
020 _a9781930808614
041 _aeng
080 _a61
100 _a26
101 _aSHM
245 _aTHE SANFORD GUIDE TO ANTIMICROBIAL THERAPY 2010
_cGILBERT,D.N
942 _2udc
_cBK
999 _c40000
_d40000